000 01358nam a2200337 c 4500
001 000023462
003 RuMoIPM
005 20250523200658.0
008 951010s1995 ru a||||||||||||||||rus d
020 _a5880050092
035 _abiblionumber
035 _abiblionumber
040 _aRuMoBEN
_brus
_ercr
041 _arus
044 _aru
080 _a51(091)
080 _a51+53(091+092)
245 0 0 _aНатуральная математика
_bидеи Непера и Лобачевского в современной науке : [сборник]
_cИ. А. Верещагин, В. В. Кочербитов, И. Л. Романов ; под ред. И. А. Верещагина
260 _aБерезники
_c1995
300 _a174 с.
_bил, портр.
490 0 _aСвязь времен
_vВып. 2
500 _aСерия посвящ. 200-летию со дня рождения Н. И. Лобачевского
500 _aАвт. на пер. не указвны
504 _aБиблиогр. : с. 166-169
600 1 _aЛобачевский, Николай Иванович
600 1 _aНепер, Джон
700 0 _aВерещагин, Игорь Алексеевич
700 0 _aКочербитов, Виталий Валентинович
700 0 _aРоманов, И. Л
942 _cBK
999 _c23462
_d23462